| 000 | 00432nam a2200205Ia 4500 | ||
|---|---|---|---|
| 001 | 12711 | ||
| 003 | GE_BSU | ||
| 008 | 181216s||||||||xx |||||||||||||| ||und|| | ||
| 020 | _a9780751519785 | ||
| 040 | _cGE_BSU | ||
| 080 | _a821.111-32 | ||
| 100 | _aBaddiel,David | ||
| 245 | _aTime for Bed | ||
| 260 | _aLondon | ||
| 260 | _bWarner books | ||
| 260 | _c1997 | ||
| 300 | _a346p.20cm. | ||
| 653 | _aTime for Bed | ||
| 942 | _cBK | ||
| 999 |
_c45882 _d45882 |
||